| 000 | 00609nam a22001935i 4500 | ||
|---|---|---|---|
| 001 | 171932 | ||
| 003 | ES-MaACL | ||
| 005 | 20250814065628.0 | ||
| 008 | 090609s1967 sp |||| | spa d | ||
| 080 | _a91(02) | ||
| 100 | 1 |
_aSorre, Maximilien, _d1880- _9107424 |
|
| 245 | 1 | 3 |
_aEl hombre en la tierra / _cMax Sorre ; [traducción por Francisco Payarols]. |
| 260 |
_aBarcelona : _bLabor, _c[1967] |
||
| 300 |
_aXV, 317 p.:il ; _c24 cm. |
||
| 650 | 1 | 7 |
_aGeografía humana _2embne _9136176 |
| 700 | 1 |
_aPayarols, Francisco. _989715 |
|
| 852 |
_aES-MaACL _jC-33579 _9R.64430 |
||
| 999 |
_c171932 _d171932 |
||